000 00676nmc a2200265 a 4500
003 AR-BaBNM
005 20251128211838.0
008 016120s2004 ||||||||||||||000 | spa||
020 _a0-582-77998-7
040 _cAR-BaBNM
100 1 _aHarmer, Jeremy
245 1 0 _aHow to teach writing
260 _aHarlow
_bPearson Education Limited
_c2004
300 0 _a154 p.
490 0 _aHow to...
650 4 _aENSENANZA DE IDIOMAS
650 4 _aINGLES
650 4 _aENSENANZA DE LA ESCRITURA
650 4 _aLENGUA EXTRANJERA
650 4 _aMETODOS DE ENSENANZA
653 0 _aESTRATEGIAS DIDACTICAS
800 1 _aHarmer, Jeremy
942 _cBK
998 _cme-solo cat
999 _c21361
_d21361